Ekonomika spoločného stravovania

Salvato in:
Dettagli Bibliografici
Autore principale: Sniščák, Vincent
Natura: Libro
Lingua:slovacco
Pubblicazione: Bratislava ALFA 1980
Serie:Edícia ekonomickej literatúry
Tags: Aggiungi Tag
Nessun Tag, puoi essere il primo ad aggiungerne!!

MARC

LEADER 00000nam a2200000 4500
001 0222958
005 20240822101702.7
041 0 |a slo 
044 |a SK 
245 1 0 |a Ekonomika spoločného stravovania  |c Vincent Sniščák 
264 1 |a Bratislava  |b ALFA  |c 1980 
300 |a 278 s. 
490 1 |a Edícia ekonomickej literatúry 
830 0 |a Edícia ekonomickej literatúry 
100 1 |a Sniščák, Vincent